Aktuální stav výroby a odbytu zeleniny v Polsku

Bibliographic Details
Main Author: Kubiak, Kazimierz (Author)
Format: Article
Language:Czech
Subjects:

MARC

LEADER 00000nab a2200000 a 4500
001 vtls000585366
003 SK-MaSNL
005 20260303233317.0
008 150501c1996 xo 0 cze
015 |a SNBRB19rr/mm-uuuuu 
035 |a CL0585505 
040 |a SNKBUCL  |b slo  |c SNKBUCL  |e AACR2 
041 0 |a cze 
044 |a xo  |c SK 
080 |a 635.1/.8(438):339.13  |2 1981 
080 |a 339.13  |2 1981 
100 1 |a Kubiak, Kazimierz  |4 aut  |9 1269966 
245 1 0 |a Aktuální stav výroby a odbytu zeleniny v Polsku  |c Kazimierz Kubiak 
300 |b Grafy 4, tab. 7 
650 0 7 |a zelenina  |2 snkbucl  |9 2731 
651 7 |a Poľsko  |2 snkbucl  |9 16755 
655 7 |a články z novín a časopisov  |2 snkbucl  |9 267496 
773 0 |t Zahradnictví  |g Roč. 21, č. 5 (1996), s. 14-18  |x 1211-0922 
850 |a Slovenská národná knižnica v Martine  |a MTA001 
852 |a SNK  |b KIS3GCP 
958 |a RK 
958 |a PL 
992 |a RBX 
999 |c 2514521  |d 2516451